[Event "II Torneo Internacional Puente Foral. B"]
[Site "Huarte (Navarra)"]
[Date "2007.12.04"]
[Round "4.4"]
[White "Mihailovs, Jurijs"]
[Black "Reinaldo Castineira, Roi"]
[Result "1/2-1/2"]
[WhiteElo "2366"]
[BlackElo "2477"]
[PlyCount "34"]
[EventDate "2007.12.02"]

1. d4 e6 2. c4 c5 3. d5 exd5 4. cxd5 d6 5. Nc3 g6 6. Nf3 a6 7. Bg5 Nf6 8. Qa4+
Nbd7 9. Nb5 Be7 10. Bxf6 axb5 11. Qxa8 Bxf6 12. Qa3 O-O 13. e3 b4 14. Qb3 Qa5
15. Be2 b5 16. O-O c4 17. Qc2 Nb6 {(=)} 1/2-1/2

[Event "II Torneo Internacional Puente Foral. B"]
[Site "Huarte (Navarra)"]
[Date "2007.12.04"]
[Round "4.5"]
[White "Navarrete Delgado, Sergio"]
[Black "Dobrev, Nanko"]
[Result "0-1"]
[WhiteElo "2227"]
[BlackElo "2448"]
[PlyCount "72"]
[EventDate "2007.12.02"]

1. e4 e5 2. Nf3 Nc6 3. Bc4 Bc5 4. c3 Nf6 5. d4 exd4 6. cxd4 Bb4+ 7. Bd2 Bxd2+
8. Nbxd2 d5 9. exd5 Nxd5 10. O-O O-O 11. Ne5 Nce7 12. Qh5 Be6 13. Ne4 Nf4 14.
Qf3 Bxc4 15. Nxc4 Ne6 16. Rad1 Nxd4 17. Nf6+ gxf6 18. Qg4+ Ng6 19. Rxd4 f5 20.
Qd1 Qf6 21. Ne3 Rad8 22. Nd5 Qd6 23. Re1 Kh8 24. Re3 Nf4 25. b4 Nxd5 26. Red3
c5 27. Rh4 Nc3 28. Rxd6 Nxd1 29. Rdh6 Kg7 30. Rxh7+ Kf6 31. R7h6+ Ke7 32. R4h5
Nc3 33. h4 Rd5 34. Rg5 Nxa2 35. h5 Nxb4 36. Rh7 a5 0-1

[Event "II Torneo Internacional Puente Foral. B"]
[Site "Huarte (Navarra)"]
[Date "2007.12.05"]
[Round "5.1"]
[White "Dobrev, Nanko"]
[Black "Senlle Caride, Miguel"]
[Result "1-0"]
[WhiteElo "2448"]
[BlackElo "2217"]
[PlyCount "149"]
[EventDate "2007.12.02"]

1. d4 Nf6 2. c4 c6 3. Nc3 d5 4. Nf3 a6 5. cxd5 cxd5 6. Bf4 Nc6 7. Rc1 e6 8. e3
Bd6 9. Bxd6 Qxd6 10. Bd3 O-O 11. O-O Rd8 12. h3 Bd7 13. Qe2 e5 14. dxe5 Nxe5
15. Nd4 Rac8 16. Rfd1 b5 17. Nb1 Rxc1 18. Rxc1 Nxd3 19. Qxd3 Ne4 20. Nd2 Qg6
21. Ne2 Qf6 22. Nxe4 dxe4 23. Qxe4 Qxb2 24. Qe7 Rf8 25. Qxd7 Qxe2 26. Qd5 h6 {
(=)} 27. Rd1 Rc8 28. Rd2 Qc4 29. Qd7 Qc1+ 30. Rd1 Qc6 31. Qf5 Qc4 32. g3 Rf8 {
(=)} 33. Qb1 Rc8 34. Qf5 Rf8 35. a3 Qc8 36. Qd7 Qc5 37. Qd6 Qc8 38. Kh2 Qc2 39.
Rd2 Qc8 40. Rd5 Qc2 41. Rd2 Qc3 42. Rd4 Qc2 43. Kg2 Qc8 44. g4 Re8 45. Kf3 Qb7+
46. Qd5 Qe7 47. Qc6 Qe6 48. Qxe6 Rxe6 49. Rd8+ Kh7 50. Ra8 Kg6 51. Ra7 Rf6+ 52.
Ke2 Kg5 53. f4+ Kh4 54. Kf3 Kxh3 55. Rc7 g5 56. Rc1 Kh2 57. f5 Rd6 58. Rc7 f6
59. Re7 a5 60. Re6 Rd8 61. Rxf6 Rb8 62. Rxh6+ Kg1 63. Rc6 b4 64. axb4 axb4 65.
Rc2 Rh8 66. Rc1+ Kh2 67. Rb1 Rb8 68. Rb3 Kh3 69. e4 Kh2 70. e5 Ra8 71. e6 Ra3
72. Rxa3 bxa3 73. e7 a2 74. e8=Q a1=Q 75. Qe2+ 1-0

[Event "II Torneo Internacional Puente Foral. B"]
[Site "Huarte (Navarra)"]
[Date "2007.12.05"]
[Round "5.2"]
[White "Reinaldo Castineira, Roi"]
[Black "Navarrete Delgado, Sergio"]
[Result "1-0"]
[WhiteElo "2477"]
[BlackElo "2227"]
[PlyCount "53"]
[EventDate "2007.12.02"]

1. d4 d5 2. c4 e6 3. Nc3 Nf6 4. cxd5 exd5 5. Bg5 Be7 6. e3 c6 7. Bd3 Bg4 8. Qc2
Nbd7 9. h3 Be6 10. f4 h6 11. Bh4 g5 12. Bf2 Nb6 13. Nf3 g4 14. Ne5 gxh3 15.
gxh3 Rg8 16. O-O-O c5 17. Rhg1 Rc8 18. Rxg8+ Nxg8 19. Bb5+ Kf8 20. Qh7 cxd4 21.
Rg1 Bg5 22. fxg5 dxc3 23. gxh6 cxb2+ 24. Kxb2 Ke7 25. Bh4+ Nf6 26. Qg7 Qc7 27.
Ng6+ 1-0

[Event "II Torneo Internacional Puente Foral. B"]
[Site "Huarte (Navarra)"]
[Date "2007.12.05"]
[Round "5.3"]
[White "Rada Equiza, Miguel"]
[Black "Mihailovs, Jurijs"]
[Result "0-1"]
[WhiteElo "2292"]
[BlackElo "2366"]
[PlyCount "104"]
[EventDate "2007.12.02"]

1. e4 c5 2. Nf3 e6 3. d4 cxd4 4. Nxd4 a6 5. Bd3 Bc5 6. Nb3 Ba7 7. Qe2 Nc6 8.
Be3 d6 9. Nc3 Nge7 10. O-O-O b5 11. f4 b4 12. Na4 Bd7 13. Qd2 Bxe3 14. Qxe3 Nc8
15. e5 N6e7 16. Be4 d5 17. Nac5 Bb5 18. g4 Qc7 19. Bd3 Nb6 20. f5 Bxd3 21. Qxd3
exf5 22. gxf5 Qxe5 23. Rde1 Qf6 24. Nxa6 O-O 25. Nxb4 Nxf5 26. Rhf1 g6 27. c3
Rfc8 28. Kb1 Qh4 29. Re2 Re8 30. Rff2 Re3 31. Rxe3 Qxf2 32. Re2 Qg1+ 33. Nc1
Rd8 34. Nc6 Rd6 35. Nd4 Nxd4 36. Qxd4 Qxd4 37. cxd4 f5 38. Nd3 Rf6 39. b4 g5
40. Kb2 f4 41. Ne5 Kg7 42. Kb3 h5 43. h3 f3 44. Rf2 Nc4 45. b5 Nxe5 46. dxe5
Rf8 47. e6 g4 48. hxg4 hxg4 49. e7 Re8 50. b6 Rxe7 51. Rc2 Rf7 52. Rc7 f2 0-1

[Event "II Torneo Internacional Puente Foral. B"]
[Site "Huarte (Navarra)"]
[Date "2007.12.05"]
[Round "5.4"]
[White "Trujillo Delgado, Dafnae"]
[Black "Rizouk, Aimen"]
[Result "0-1"]
[WhiteElo "2243"]
[BlackElo "2470"]
[PlyCount "98"]
[EventDate "2007.12.02"]

1. e4 e5 2. Nf3 Nc6 3. Bb5 Nf6 4. d3 Bc5 5. O-O Nd4 6. Nxd4 Bxd4 7. c3 Bb6 8.
Bg5 c6 9. Bc4 h6 10. Bh4 g5 11. Bg3 d6 12. d4 Qe7 13. Nd2 h5 14. dxe5 dxe5 15.
Nf3 Bc7 16. Nxg5 h4 17. Nxf7 Rh7 18. Ng5 hxg3 19. Nxh7 gxh2+ 20. Kh1 Qxh7 21.
Qb3 Qe7 22. Rad1 Bb6 23. Be2 Be6 24. Qc2 Bd7 25. b4 O-O-O 26. a4 a6 27. b5 cxb5
28. axb5 a5 29. c4 Kb8 30. Bf3 Rc8 31. Qd2 Rxc4 32. Qd6+ Qxd6 33. Rxd6 Bd8 34.
Rfd1 Kc8 35. b6 Be7 36. R6d2 Rc6 37. Kxh2 Rxb6 38. Be2 a4 39. Bc4 a3 40. f3 Bc5
41. g4 Be3 42. Rd6 Rb2+ 43. Kh1 Bg5 44. Ra1 Kc7 45. Rd3 b5 46. Bf7 b4 47. Kg1
Bc6 48. Be6 Nd7 49. Rb3 Nc5 0-1

[Event "II Torneo Internacional Puente Foral. B"]
[Site "Huarte (Navarra)"]
[Date "2007.12.05"]
[Round "5.5"]
[White "Navarro Cia, Miguel"]
[Black "Cruz Estrada, Filemon"]
[Result "0-1"]
[WhiteElo "2359"]
[BlackElo "2402"]
[PlyCount "108"]
[EventDate "2007.12.02"]

1. e4 d5 2. exd5 Qxd5 3. Nc3 Qd6 4. d4 Nf6 5. Nf3 c6 6. Ne5 Bf5 7. Bc4 e6 8. g4
Bg6 9. h4 Nbd7 10. Nxd7 Qxd7 11. h5 Be4 12. Nxe4 Nxe4 13. Qd3 Nf6 14. g5 Nd5
15. Bd2 Nb4 16. Qb3 b5 17. Be2 a5 18. c3 a4 19. Qd1 Nd5 20. Qc2 Bd6 21. Qe4 Qc7
22. Rh4 O-O 23. Bd3 f5 24. gxf6 Nxf6 25. Qxe6+ Rf7 26. O-O-O Re8 27. Qh3 a3 28.
b3 Ref8 29. Bf5 Re7 30. Qd3 Kh8 31. Kc2 Nd5 32. Re4 Rxf5 33. c4 bxc4 34. bxc4
Rxf2 35. Rxe7 Nxe7 36. h6 Bb4 37. hxg7+ Kxg7 38. d5 Qe5 39. Kb3 Bxd2 40. Rxd2
Rxd2 41. Qxd2 cxd5 42. Kxa3 dxc4 43. Kb4 h5 44. Kxc4 h4 45. Qg2+ Ng6 46. a4
Qe6+ 47. Kb5 h3 48. Qb7+ Qe7 49. Qc6 Qe5+ 50. Kb6 h2 51. Qd7+ Qe7 52. Qh3 Qb4+
53. Kc7 Qc5+ 54. Kb8 Qb6+ 0-1

[Event "II Torneo Internacional Puente Foral. B"]
[Site "Huarte (Navarra)"]
[Date "2007.12.06"]
[Round "6.1"]
[White "Senlle Caride, Miguel"]
[Black "Cruz Estrada, Filemon"]
[Result "1-0"]
[WhiteElo "2217"]
[BlackElo "2402"]
[PlyCount "83"]
[EventDate "2007.12.02"]

1. e4 d5 2. exd5 Qxd5 3. Nf3 Bg4 4. Be2 Nf6 5. d4 e6 6. h3 Bh5 7. c4 Qd8 8. Nc3
c6 9. O-O Bd6 10. Ne5 Bxe2 11. Qxe2 O-O 12. Bf4 Re8 13. Rad1 Qc8 14. a3 Nbd7
15. Rfe1 Nf8 16. Qf3 Be7 17. g4 Ng6 18. Bg3 Nh8 19. g5 Nd7 20. Ne4 Rd8 21. h4
Nxe5 22. Bxe5 Ng6 23. Bg3 Nf8 24. h5 Nd7 25. h6 g6 26. Nd6 Bxd6 27. Bxd6 Re8
28. Qf4 Qd8 29. d5 exd5 30. Bc7 Qc8 31. cxd5 c5 32. Bd6 Qd8 33. Bc7 Qc8 34. d6
Re6 35. Rxe6 fxe6 36. Qe4 Qe8 37. Re1 Qf7 38. Qxe6 Rf8 39. Ba5 Qxe6 40. Rxe6
Rf5 41. Re8+ Rf8 42. Re4 1-0

[Event "II Torneo Internacional Puente Foral. B"]
[Site "Huarte (Navarra)"]
[Date "2007.12.06"]
[Round "6.3"]
[White "Mihailovs, Jurijs"]
[Black "Trujillo Delgado, Dafnae"]
[Result "1-0"]
[WhiteElo "2366"]
[BlackElo "2243"]
[PlyCount "94"]
[EventDate "2007.12.02"]

1. d4 Nf6 2. c4 c5 3. d5 b5 4. cxb5 a6 5. f3 e6 6. e4 exd5 7. e5 Qe7 8. Qe2 Ng8
9. Nc3 Bb7 10. Nh3 Qd8 11. Bd2 Ne7 12. Nf4 axb5 13. Nxb5 Ng6 14. Nh5 Ba6 15.
Nf6+ gxf6 16. exf6+ Be7 17. Nd6+ Kf8 18. fxe7+ Qxe7 19. Bh6+ Kg8 20. Qxe7 Nxe7
21. Bg5 Kf8 22. Bh6+ Kg8 23. Kf2 Bxf1 24. Rhxf1 Ra6 25. Bf4 Ng6 26. Bg3 Nc6 27.
Rfd1 h5 28. Ne8 Nd4 29. Bd6 Kh7 30. Nf6+ Kg7 31. Bxc5 Ne6 32. Nxd7 Rd8 33. Rxd5
Rxd7 34. Rxd7 Nxc5 35. Rdd1 Ne5 36. Rd5 f6 37. a4 Ncd3+ 38. Kg3 Nxb2 39. f4
Ned3 40. a5 h4+ 41. Kg4 h3 42. gxh3 Nf2+ 43. Kf3 Nfd3 44. Kg3 Kg6 45. Ra3 Nb4
46. Rb5 N2d3 47. h4 Re6 1-0

[Event "II Torneo Internacional Puente Foral. B"]
[Site "Huarte (Navarra)"]
[Date "2007.12.06"]
[Round "6.5"]
[White "Dobrev, Nanko"]
[Black "Reinaldo Castineira, Roi"]
[Result "0-1"]
[WhiteElo "2448"]
[BlackElo "2477"]
[PlyCount "88"]
[EventDate "2007.12.02"]

1. d4 e6 2. c4 c5 3. d5 exd5 4. cxd5 d6 5. Nc3 g6 6. Nf3 a6 7. a4 Bg7 8. Nd2
Nd7 9. e4 Ne7 10. Be2 O-O 11. h4 h6 12. h5 g5 13. g4 Ne5 14. Nf1 Bd7 15. f4
gxf4 16. Bxf4 Kh7 17. Ne3 Ng8 18. Qd2 b5 19. Kf2 b4 20. Ncd1 Nf6 21. Kg2 Nfxg4
22. Nxg4 Nxg4 23. Bxd6 Rg8 24. Qf4 Bd4 25. Kf1 Rg5 26. Qxf7+ Rg7 27. Qf4 Qg8
28. Ke1 Rf7 29. Qg3 Rc8 30. Bd3 Kh8 31. Kd2 Qg5+ 32. Kc2 c4 33. Bxc4 Rxc4+ 34.
Kb3 Bf2 35. Qd3 Rd4 36. Nxf2 Rxd3+ 37. Nxd3 a5 38. Raf1 Rxf1 39. Rxf1 Bf5 40.
Bf4 Qxh5 41. Ne1 Qe8 42. Bd2 Qe5 43. Rf4 Ne3 44. Rh4 Nc4 0-1

[Event "II Torneo Internacional Puente Foral. B"]
[Site "Huarte (Navarra)"]
[Date "2007.12.06"]
[Round "7.1"]
[White "Reinaldo Castineira, Roi"]
[Black "Senlle Caride, Miguel"]
[Result "1-0"]
[WhiteElo "2477"]
[BlackElo "2217"]
[PlyCount "61"]
[EventDate "2007.12.02"]

1. Nf3 Nc6 2. d4 d5 3. Bf4 e6 4. e3 Bd6 5. Bxd6 Qxd6 6. Qd2 Nf6 7. Nc3 a6 8.
O-O-O O-O 9. h3 b5 10. Bd3 Nb4 11. Kb1 Nxd3 12. cxd3 Bb7 13. Rc1 Rac8 14. Ne2
Nd7 15. Rc2 c5 16. dxc5 Nxc5 17. Rhc1 Nd7 18. d4 Rxc2 19. Rxc2 e5 {(=)} 20.
dxe5 Nxe5 21. Nxe5 Qxe5 22. Nd4 Rc8 23. Qa5 Qe4 24. Qb6 Qd3 25. b3 Ba8 26. Kb2
Rf8 27. Qxa6 Qf1 28. Rc8 Qxf2+ 29. Ka3 b4+ 30. Kxb4 Qd2+ 31. Ka3 1-0

[Event "II Torneo Internacional Puente Foral. B"]
[Site "Huarte (Navarra)"]
[Date "2007.12.06"]
[Round "7.2"]
[White "Rada Equiza, Miguel"]
[Black "Dobrev, Nanko"]
[Result "1/2-1/2"]
[WhiteElo "2292"]
[BlackElo "2448"]
[PlyCount "53"]
[EventDate "2007.12.02"]

1. e4 e5 2. Nf3 Nc6 3. Nc3 Nf6 4. d4 exd4 5. Nd5 Be7 6. Bf4 d6 7. Nxd4 Nxd5 8.
exd5 Nxd4 9. Qxd4 O-O 10. O-O-O Bf6 11. Qd2 Bf5 12. f3 Re8 13. g4 Bg6 14. h4 h5
15. Bd3 Qd7 16. Bg5 Bxd3 17. Bxf6 Bg6 18. gxh5 Qf5 19. Bxg7 Qxh5 20. Bf6 Kh7
21. Rhg1 Rg8 22. Qf4 Qf5 23. Qxf5 Bxf5 24. Rg5 Rxg5 25. hxg5 Kg6 26. Rh1 Bd7
27. Re1 1/2-1/2

[Event "II Torneo Internacional Puente Foral. B"]
[Site "Huarte (Navarra)"]
[Date "2007.12.06"]
[Round "7.3"]
[White "Trujillo Delgado, Dafnae"]
[Black "Navarrete Delgado, Sergio"]
[Result "1-0"]
[WhiteElo "2243"]
[BlackElo "2227"]
[PlyCount "67"]
[EventDate "2007.12.02"]

1. e4 d5 2. exd5 Nf6 3. Bc4 Bg4 4. f3 Bf5 5. Nc3 Nbd7 6. Bb5 a6 7. Ba4 b5 8.
Bb3 Nb6 9. Nge2 Nbxd5 10. d4 Nxc3 11. bxc3 e6 12. g4 Bg6 13. h4 h5 14. g5 Nd5
15. a4 Bd6 16. Bxd5 exd5 17. Bf4 c6 18. Qd2 O-O 19. Kf2 Re8 20. Bxd6 Qxd6 21.
Nf4 Bxc2 22. Nxh5 Bb3 23. Rag1 Kf8 24. g6 Bc4 25. Nf4 Ra7 26. h5 f5 27. h6 Kg8
28. hxg7 Rxg7 29. Rg5 Rge7 30. Rgh5 Qf6 31. Kg3 Be2 32. Nxe2 f4+ 33. Nxf4 Rf8
34. R1h4 1-0

[Event "II Torneo Internacional Puente Foral. B"]
[Site "Huarte (Navarra)"]
[Date "2007.12.06"]
[Round "7.4"]
[White "Navarro Cia, Miguel"]
[Black "Mihailovs, Jurijs"]
[Result "0-1"]
[WhiteElo "2359"]
[BlackElo "2366"]
[PlyCount "42"]
[EventDate "2007.12.02"]

1. e4 c5 2. Nf3 e6 3. c4 a6 4. Nc3 Qc7 5. d4 cxd4 6. Nxd4 Nf6 7. a3 b6 8. Be3
Bb7 9. f3 d6 10. Rc1 Nbd7 11. Be2 Be7 12. O-O Rc8 13. b4 Qb8 14. Qd2 Bd8 15.
Kh1 Bc7 16. Rc2 h5 17. Re1 h4 18. Bf1 Ne5 19. f4 Neg4 20. Bg1 Nh5 21. h3 Ng3#
0-1

[Event "II Torneo Internacional Puente Foral. B"]
[Site "Huarte (Navarra)"]
[Date "2007.12.06"]
[Round "7.5"]
[White "Cruz Estrada, Filemon"]
[Black "Rizouk, Aimen"]
[Result "1/2-1/2"]
[WhiteElo "2402"]
[BlackElo "2470"]
[PlyCount "20"]
[EventDate "2007.12.02"]

1. d4 Nf6 2. Nf3 e6 3. e3 b6 4. Bd3 Bb7 5. O-O c5 6. b3 Be7 7. Bb2 O-O 8. Nbd2
d6 9. c4 cxd4 10. exd4 Nbd7 1/2-1/2

[Event "II Torneo Internacional Puente Foral. B"]
[Site "Huarte (Navarra)"]
[Date "2007.12.07"]
[Round "8.1"]
[White "Senlle Caride, Miguel"]
[Black "Rizouk, Aimen"]
[Result "1/2-1/2"]
[WhiteElo "2217"]
[BlackElo "2470"]
[PlyCount "20"]
[EventDate "2007.12.02"]

1. e4 e5 2. Nf3 Nf6 3. Nxe5 d6 4. Nf3 Nxe4 5. Nc3 Nxc3 6. dxc3 Be7 7. Bf4 Nc6
8. Qd2 Be6 9. O-O-O Qd7 10. Kb1 {(=)} O-O-O 1/2-1/2

[Event "II Torneo Internacional Puente Foral. B"]
[Site "Huarte (Navarra)"]
[Date "2007.12.07"]
[Round "8.2"]
[White "Mihailovs, Jurijs"]
[Black "Cruz Estrada, Filemon"]
[Result "1-0"]
[WhiteElo "2366"]
[BlackElo "2402"]
[PlyCount "39"]
[EventDate "2007.12.02"]

1. d4 Nf6 2. c4 g6 3. Nc3 d5 4. cxd5 Nxd5 5. e4 Nxc3 6. bxc3 Bg7 7. Bc4 O-O 8.
Ne2 e6 9. Be3 b6 10. h4 Bb7 11. f3 Nc6 12. h5 Na5 13. Bd3 c5 14. hxg6 hxg6 15.
e5 cxd4 16. cxd4 Qe7 17. Qd2 Nc6 18. a3 Rfd8 19. Bg5 Qf8 20. Qf4 1-0

[Event "II Torneo Internacional Puente Foral. B"]
[Site "Huarte (Navarra)"]
[Date "2007.12.07"]
[Round "8.3"]
[White "Navarrete Delgado, Sergio"]
[Black "Navarro Cia, Miguel"]
[Result "1/2-1/2"]
[WhiteElo "2227"]
[BlackElo "2359"]
[PlyCount "29"]
[EventDate "2007.12.02"]

1. d4 d5 2. Nf3 c6 3. c4 Nf6 4. Nc3 {(=)} dxc4 5. e3 b5 6. a4 b4 7. Nb1 Ba6 8.
Qc2 e6 9. Bxc4 Bxc4 10. Qxc4 Qd5 11. Nbd2 Be7 12. b3 O-O 13. Bb2 c5 14. Rc1
Nbd7 15. Ke2 1/2-1/2

[Event "II Torneo Internacional Puente Foral. B"]
[Site "Huarte (Navarra)"]
[Date "2007.12.07"]
[Round "8.5"]
[White "Reinaldo Castineira, Roi"]
[Black "Rada Equiza, Miguel"]
[Result "1-0"]
[WhiteElo "2477"]
[BlackElo "2292"]
[PlyCount "75"]
[EventDate "2007.12.02"]

1. e4 e5 2. Nf3 Nc6 3. d4 exd4 4. Nxd4 Nf6 5. Nxc6 bxc6 6. e5 Qe7 7. Qe2 Nd5 8.
c4 Ba6 9. b3 g5 10. Bb2 Bg7 11. g3 O-O-O 12. Bh3 Rde8 13. O-O Bxe5 14. Qxe5
Qxe5 15. Bxe5 Rxe5 16. cxd5 Bxf1 17. Kxf1 cxd5 18. Nd2 f6 19. Nf3 Re7 20. Bf5
c6 21. h4 gxh4 22. Nxh4 Kc7 23. Bd3 a5 24. Nf5 Re6 25. Kg2 a4 26. b4 a3 27. Nd4
Re7 28. Rc1 Kb6 29. Rc3 Ra8 30. Bc2 Ra7 31. g4 Ra8 32. Kg3 Rg7 33. Kf4 Rag8 34.
Rg3 d6 35. Nf5 Rd7 36. Rxa3 c5 37. Ne3 Rg5 38. Bf5 1-0

[Event "II Torneo Internacional Puente Foral. B"]
[Site "Huarte (Navarra)"]
[Date "2007.12.08"]
[Round "9.1"]
[White "Rada Equiza, Miguel"]
[Black "Senlle Caride, Miguel"]
[Result "1/2-1/2"]
[WhiteElo "2292"]
[BlackElo "2217"]
[PlyCount "99"]
[EventDate "2007.12.02"]

1. e4 c5 2. Nf3 d6 3. d4 cxd4 4. Nxd4 Nf6 5. Nc3 a6 6. Be3 Ng4 7. Bg5 h6 8. Bh4
g5 9. Bg3 Bg7 {(=)} 10. h3 Ne5 11. Nf5 Bxf5 12. exf5 Nbc6 13. Nd5 O-O 14. Be2
e6 15. fxe6 fxe6 16. Ne3 Qa5+ 17. c3 d5 18. O-O Rad8 19. Qb3 b5 20. Rad1 b4 21.
cxb4 Qxb4 22. Qxb4 Nxb4 23. a3 Nbc6 24. Bxa6 Rb8 25. b4 Rb6 26. Be2 Ra8 27. b5
Ne7 28. Ra1 Nd7 29. Ra2 d4 30. Rd1 Nc5 31. Ng4 Nd5 32. Bf3 Rxb5 33. Bxd5 exd5
34. Be5 d3 35. a4 Rb3 36. Bxg7 Kxg7 37. f3 Rxa4 38. Rxa4 Nxa4 39. Kf2 Nb2 40.
Rd2 Nc4 41. Rd1 Rb2+ 42. Kg3 h5 43. Rxd3 hxg4 44. Rxd5 Ne3 45. Rxg5+ Kf6 46.
Ra5 Rxg2+ 47. Kf4 gxh3 48. Kxe3 Kg6 49. Ra8 Kg7 50. Ra4 1/2-1/2

[Event "II Torneo Internacional Puente Foral. B"]
[Site "Huarte (Navarra)"]
[Date "2007.12.08"]
[Round "9.2"]
[White "Trujillo Delgado, Dafnae"]
[Black "Reinaldo Castineira, Roi"]
[Result "0-1"]
[WhiteElo "2243"]
[BlackElo "2477"]
[PlyCount "49"]
[EventDate "2007.12.02"]

1. e4 e6 2. d4 d5 3. Nd2 Be7 4. Bd3 c5 5. dxc5 Nf6 6. Qe2 a5 7. Ngf3 O-O 8. h4
dxe4 9. Nxe4 Nbd7 10. Bg5 Nd5 11. O-O-O f6 12. Be3 Qc7 13. Neg5 fxg5 14. Bxh7+
Kxh7 15. Nxg5+ Kg8 16. Nxe6 Qe5 17. Nxf8 Nxf8 18. Qf3 Nxe3 19. fxe3 Bf6 20. c3
Be6 21. g4 Qxc5 22. g5 Bxc3 23. bxc3 Qxc3+ 24. Kb1 Ra6 25. Qxb7 0-1

[Event "II Torneo Internacional Puente Foral. C"]
[Site "Huarte (Navarra)"]
[Date "2007.12.02"]
[Round "1.1"]
[White "Cemborain Oricain, Alfonso"]
[Black "Prats Rodriguez, Juan Bosco"]
[Result "1/2-1/2"]
[WhiteElo "2081"]
[BlackElo "2131"]
[PlyCount "59"]
[EventDate "2007.12.02"]

1. e4 c5 2. c3 d5 3. exd5 Qxd5 4. d4 Nf6 5. Nf3 Bg4 6. Be2 Nc6 7. O-O e6 8. Be3
cxd4 9. cxd4 Be7 10. Nc3 Qd6 11. h3 Bh5 12. Nb5 Qd7 13. Ne5 Nxe5 14. dxe5 Bxe2
15. Qxe2 Nd5 16. Rfd1 a6 17. Nc3 Nxc3 18. bxc3 Qc7 19. Qg4 O-O 20. Bd4 Qc4 21.
Qf3 b5 22. Qd3 Qc6 23. Rab1 Rfd8 24. Qe2 Rab8 25. f4 h6 26. Kh2 Qc4 27. Qf2 b4
28. cxb4 Rxb4 29. Rbc1 Qb5 30. Be3 1/2-1/2

[Event "II Torneo Internacional Puente Foral. C"]
[Site "Huarte (Navarra)"]
[Date "2007.12.02"]
[Round "1.2"]
[White "Leon Fernandez, Mario"]
[Black "Perez De Miguel, alvaro"]
[Result "1/2-1/2"]
[WhiteElo "2089"]
[BlackElo "2123"]
[PlyCount "53"]
[EventDate "2007.12.02"]

1. d4 c6 2. c4 d5 3. cxd5 cxd5 4. Nc3 Nf6 5. Bf4 Nc6 6. e3 Bf5 7. Bd3 Bxd3 8.
Qxd3 e6 9. Nge2 Be7 10. O-O O-O 11. Rfc1 Qd7 12. Na4 b6 13. Qb5 Rfc8 14. Rc3 e5
15. dxe5 Nxe5 16. Qxd7 Nexd7 17. Rd1 Nc5 18. Nxc5 Rxc5 19. Rcd3 Rc2 20. R3d2
Rac8 21. Nc3 Rxd2 22. Rxd2 Bb4 23. Be5 Kf8 24. Rd1 Bxc3 25. Bxc3 Ke7 26. f3 Ke6
27. Kf2 1/2-1/2

[Event "II Torneo Internacional Puente Foral. C"]
[Site "Huarte (Navarra)"]
[Date "2007.12.02"]
[Round "1.3"]
[White "Relea, Nicolas"]
[Black "Jimenez Martin, Gustavo"]
[Result "0-1"]
[WhiteElo "2163"]
[BlackElo "2119"]
[PlyCount "98"]
[EventDate "2007.12.02"]

1. Nc3 d5 2. e4 d4 3. Nce2 e5 4. Ng3 Nc6 5. Nf3 h5 6. h4 Bg4 7. Be2 Qd7 8. d3
Nge7 9. Ng5 Ng6 10. f3 Be6 11. Nxe6 Qxe6 12. Nf1 O-O-O 13. g3 Bb4+ 14. Nd2 Nge7
15. a3 Bd6 16. Nc4 Qg6 17. Rg1 f5 18. Nxd6+ Qxd6 19. Bg5 Rdf8 20. Qd2 Qe6 21.
b4 Nd8 22. c3 Nf7 23. Bxe7 Qxe7 24. O-O-O g6 25. cxd4 exd4 26. exf5 gxf5 27. f4
Nd6 28. a4 Kb8 29. Bf3 Rc8 30. Kb2 c5 31. b5 c4 32. Qb4 Rhd8 33. Rge1 Qf7 34.
Re5 cxd3 35. Bd5 Qc7 36. Bb3 Ne4 37. b6 axb6 38. Re7 Qc3+ 39. Ka3 d2 40. Qxb6
Qc1+ 41. Kb4 Qc3+ 42. Ka3 Nc5 43. Rde1 Qc1+ 44. Ka2 Qc3 45. Ka3 Nxb3 46. Qxb3
Qc1+ 47. Qb2 Rc3+ 48. Ka2 Rc2 49. Rxb7+ Kc8 0-1

[Event "II Torneo Internacional Puente Foral. C"]
[Site "Huarte (Navarra)"]
[Date "2007.12.02"]
[Round "1.4"]
[White "Antunez Riezu, Joaquin"]
[Black "Mombiela Martinez, Gonzalo"]
[Result "1-0"]
[WhiteElo "2129"]
[BlackElo "2093"]
[PlyCount "101"]
[EventDate "2007.12.02"]

1. e4 d5 2. e5 c5 3. f4 Nc6 4. Bb5 Bf5 5. Bxc6+ bxc6 6. Ne2 e6 7. Ng3 Bg6 8. d3
h5 9. Nd2 h4 10. Ngf1 Nh6 11. g4 h3 12. Rg1 Qh4+ 13. Rg3 Ng8 14. Nf3 Qd8 15.
Ne3 Ne7 16. d4 cxd4 17. Qxd4 Qb6 18. Bd2 Qb5 19. a4 Qb6 20. b4 Be4 21. a5 Qxd4
22. Nxd4 Ng6 23. Nd1 Be7 24. Nf2 Bh4 25. Rc3 Kd7 26. Rxc6 Rhc8 27. b5 Ne7 28.
Rxc8 Rxc8 29. b6 axb6 30. axb6 Ng6 31. Nb3 Bf3 32. Nc5+ Kd8 33. b7 Rb8 34. g5
d4 35. Kf1 Bg2+ 36. Kg1 d3 37. c3 Bxf2+ 38. Kxf2 Ne7 39. Ra7 Nc6 40. Ra8 Kc7
41. Be3 Rd8 42. Ke1 Nb8 43. Kd2 Kc6 44. g6 fxg6 45. Nxe6 Rg8 46. Ba7 Kxb7 47.
Rxb8+ Rxb8 48. Bxb8 Kxb8 49. Kxd3 Kc8 50. Kd4 Kd7 51. Nf8+ 1-0

[Event "II Torneo Internacional Puente Foral. C"]
[Site "Huarte (Navarra)"]
[Date "2007.12.03"]
[Round "2.1"]
[White "Prats Rodriguez, Juan Bosco"]
[Black "Mombiela Martinez, Gonzalo"]
[Result "1-0"]
[WhiteElo "2131"]
[BlackElo "2093"]
[PlyCount "47"]
[EventDate "2007.12.02"]

1. e4 d5 2. exd5 Nf6 3. d4 Nxd5 4. c4 Nb6 5. Nf3 g6 6. Be2 Bg7 7. O-O O-O 8.
Nc3 Nc6 9. d5 Ne5 10. Nxe5 Bxe5 11. Bh6 Re8 12. Qd2 e6 13. f4 Bh8 14. Bg5 Bf6
15. Ne4 Nd7 16. Nxf6+ Nxf6 17. Qd4 Kg7 18. Bd3 exd5 19. cxd5 Qd6 20. f5 Re5 21.
Bxf6+ Qxf6 22. fxg6 Rf5 23. Qxf6+ Rxf6 24. Rxf6 1-0

[Event "II Torneo Internacional Puente Foral. C"]
[Site "Huarte (Navarra)"]
[Date "2007.12.03"]
[Round "2.2"]
[White "Jimenez Martin, Gustavo"]
[Black "Antunez Riezu, Joaquin"]
[Result "1-0"]
[WhiteElo "2119"]
[BlackElo "2129"]
[PlyCount "89"]
[EventDate "2007.12.02"]

1. d4 c5 2. dxc5 g6 3. e4 Bg7 4. Nc3 Qa5 5. Nge2 Na6 6. a3 Nf6 7. f3 Qxc5 8.
Qd3 O-O 9. Be3 Qa5 10. Nd4 d6 11. Be2 Bd7 12. O-O Rfc8 13. Qd2 Qd8 14. Bxa6
bxa6 15. Nde2 Bb5 16. Rfd1 Bxe2 17. Nxe2 Qc7 18. Rac1 Rab8 19. Bd4 Rd8 20. c4
Qb7 21. b4 Rbc8 22. Qe3 Rd7 23. c5 e5 24. Ba1 dxc5 25. bxc5 Rxd1+ 26. Rxd1 Nd7
27. Nc3 Nxc5 28. Rb1 Qe7 29. Nd5 Qf8 30. Qg5 Nd3 31. Qe7 h6 32. Rd1 Rc1 33.
Rxc1 Nxc1 34. Bxe5 Qc8 35. Bxg7 Nd3 36. Bxh6 Qb8 37. Nf6+ Kh8 38. Qf8+ Qxf8 39.
Bxf8 a5 40. Kf1 a4 41. Nd5 a5 42. Ke2 Nb2 43. Be7 Kh7 44. Kd2 Kh6 45. Nb6 1-0

[Event "II Torneo Internacional Puente Foral. C"]
[Site "Huarte (Navarra)"]
[Date "2007.12.03"]
[Round "2.3"]
[White "Perez De Miguel, alvaro"]
[Black "Relea, Nicolas"]
[Result "1-0"]
[WhiteElo "2123"]
[BlackElo "2163"]
[PlyCount "39"]
[EventDate "2007.12.02"]

1. d4 b6 2. Nf3 e6 3. g3 Bb7 4. Bg2 Be7 5. c4 g5 6. d5 h5 7. Ne5 c6 8. Nc3 Bf6
9. Nd3 Bxc3+ 10. bxc3 Qf6 11. Qb3 d6 12. O-O Ne7 13. dxe6 fxe6 14. c5 Nd7 15.
cxd6 Ng6 16. f4 gxf4 17. Bxf4 O-O-O 18. Bh6 Qxf1+ 19. Rxf1 Rxh6 20. Qxe6 1-0